00000000cam 2200000zi 4500
0019.945517
003CaOODSP
00520251117134148
006m     o  d f      
007cr cn|||||||||
008241125t20242024onc     obs  f000 0 fre d
020 |a9780660746524
040 |aCaOODSP|bfre|erda|cCaOODSP
043 |an-cn---
0861 |aCS89-657/2024-9F-PDF
24500|aEnquête sur la population de langue officielle en situation minoritaire : |bguide de l'utilisateur, 2022.
264 1|a[Ottawa] : |bStatistique Canada = Statistics Canada, |c2024.
264 4|c©2024
300 |a1 ressource en ligne (15 pages).
336 |atexte|btxt|2rdacontent/fre
337 |ainformatique|bc|2rdamedia/fre
338 |aressource en ligne|bcr|2rdacarrier/fre
4901 |aSérie thématique sur l'ethnicité, la langue et l'immigration, |x2371-5014
500 |aTitre de la couverture.
500 |a« Date de diffusion : le 16 décembre 2024. »
500 |aPublié aussi en anglais sous le titre : Survey on the official language minority population: user guide, 2022.
504 |aComprend des références bibliographiques.
520 |a« L’Enquête sur la population de langue officielle en situation minoritaire (EPLOSM) a été menée par Statistique Canada en 2022 avec la collaboration et le soutien de Patrimoine canadien. Il s’agit d’une enquête postcensitaire réalisée auprès de la population anglophone du Québec et de la population francophone ailleurs au Canada. Les questions ont été conçues pour évaluer l’évolution de la situation des populations de langue officielle en situation minoritaire depuis 2006, année où une enquête semblable (l’Enquête sur la vitalité des minorités de langue officielle [EVMLO]) a été menée par Statistique Canada, et pour fournir des renseignements sur les nouveaux enjeux concernant ces populations minoritaires. L’enquête comprend deux grands échantillons : l’un pour les adultes appartenant à la population de langue officielle en situation minoritaire et l’autre pour les enfants dont au moins un parent appartient à une population de langue officielle en situation minoritaire ou qui sont eux-mêmes admissibles à l’instruction dans la langue officielle minoritaire » -- Description de l’enquête, page 4.
650 6|aPolitique linguistique|zCanada.
650 6|aBilinguisme|xPolitique gouvernementale|zCanada.
650 6|aMinorités linguistiques|zCanada|xAttitudes.
650 6|aMinorités linguistiques|zCanada|vStatistiques.
655 7|aStatistiques|2rvmgf
7102 |aStatistique Canada, |eorganisme de publication.
77508|tSurvey on the official language minority population : |w(CaOODSP)9.945516
794 |tEnquête sur la population de langue officielle en situation minoritaire : |b2025|w(CaOODSP)9.946430
830#0|aSérie thématique sur l'ethnicité, la langue et l'immigration (Statistique Canada)|x2371-5014|w(CaOODSP)9.824154
85640|qPDF|sMo|uhttps://publications.gc.ca/collections/collection_2024/statcan/89-657-x/89-657-x2024009-fra.pdf
8564 |qHTML|sS.O.|uhttps://www150.statcan.gc.ca/n1/pub/89-657-x/89-657-x2024009-fra.htm
986 |a89‑657‑X2024009